| 000 | 00661nam a2200205 i 4500 | ||
|---|---|---|---|
| 001 | 60853 | ||
| 003 | ES-MaACL | ||
| 007 | t| | ||
| 008 | 031107s1984 sp ||||1| spa d | ||
| 245 | 0 | 0 |
_aEstructura y desarrollo de la Ciencia / _ceditado por Gerard Radnitzky y Gunnar Anderson ; versión de Diego Ribes. |
| 260 |
_a[Madrid] : _bAlianza, _c[1984] |
||
| 300 |
_a300 p. ; _c23 cm. |
||
| 490 | 1 | _aAlianza universidad. Textos | |
| 700 | 1 |
_aRadnitzky, Gerard. _994933 |
|
| 700 | 1 |
_aAnderson, Gunnar. _921446 |
|
| 700 | 1 |
_aRibes, Diego. _996804 |
|
| 830 | 0 |
_aAlianza universidad. Textos _9177885 |
|
| 852 |
_aES-MaACL _jL-6530 _bR.107185 |
||
| 999 |
_c60853 _d60853 |
||